| 000 | 00674nam a22002057a 4500 | ||
|---|---|---|---|
| 003 | BD-DhSAU | ||
| 005 | 20230621132807.0 | ||
| 008 | 220918b bg ||||| |||| 00| 0 eng d | ||
| 020 | _a9789843538185 | ||
| 040 | _aBD-DhSAU | ||
| 082 |
_222 _a333.950954 _bB6374 |
||
| 245 | _aAgricultural Development for Fragile Ecosystems in Bangladesh | ||
| 260 |
_aDhaka; _bBangladesh Agricultural Research Council , _c2023, |
||
| 300 |
_a369পৃ। _bছবি; _c28 সে। মি। |
||
| 504 | _aগ্রন্থপুঞ্জি আছে। | ||
| 590 | _aNazmul | ||
| 650 | _aAgricultural Development | ||
| 651 | _aFragile Ecosystems in Bangladesh | ||
| 942 |
_2ddc _cBOOK |
||
| 999 |
_c16848 _d16847 |
||